Les Girafes /

Збережено в:
Бібліографічні деталі
Автор: Mordillo (autor)
Формат: Книга
Мова:Французька
Опубліковано: París, Francia : Editions du Kangouru, 1975
Серія:(Grands Auteurs ; 1)
Предмети:
Теги: Додати тег
Немає тегів, Будьте першим, хто поставить тег для цього запису!

MARC

LEADER 00000nam^a2200000^a^4500
001 000022758
005 20250521000000.0
009 20260310084509.512
020 |a 2-85690-011-9 
037 |a Acervo ITESO - Biblioteca 
041 |a FRA 
082 |a 741. 509  |b MOR 
100 |a Mordillo  |e (autor) 
245 1 4 |a Les Girafes /  |c Mordillo. 
264 1 |a París, Francia :  |b Editions du Kangouru,  |c 1975 
300 |a 1 v. (sin paginación) 
336 |a texto  |b txt  |2 rdacontenido 
337 |a sin mediación  |b n  |2 rdamedio 
338 |a volumen  |b nc  |2 rdasoporte 
440 1 |a (Grands Auteurs ;  |v 1) 
649 |a XX 
650 |a Medios de Comunicación 
650 |a Historietas y Caricaturas de Humor 
650 |a Historietas y Caricaturas Francesas 
910 |a Fondo General 
920 |a Impresos - Libros 
930 |a Colección General 
905 |a 101 
901 |a 0227580100  |b IT1  |c ACC  |i 022758  |u 20250521 
902 |a https://opac.biblio.iteso.mx/vufind/Record/000022758